"Can we all get along?" : (Record no. 34945)

MARC details
000 -LEADER
fixed length control field 01286cam a2200313 a 4500
001 - CONTROL NUMBER
control field 1614789
003 - CONTROL NUMBER IDENTIFIER
control field OSt
005 - DATE AND TIME OF LATEST TRANSACTION
control field 20220416112351.0
008 - FIXED-LENGTH DATA ELEMENTS--GENERAL INFORMATION
fixed length control field 950406s1995 couab b 001 0 eng
010 ## - LIBRARY OF CONGRESS CONTROL NUMBER
LC control number 95012634
020 ## - INTERNATIONAL STANDARD BOOK NUMBER
International Standard Book Number 0813319684 (hardcover : alk. paper)
020 ## - INTERNATIONAL STANDARD BOOK NUMBER
International Standard Book Number 0813319692 (pbk. : alk. paper)
040 ## - CATALOGING SOURCE
Original cataloging agency DLC
Transcribing agency HU
Modifying agency DLC
043 ## - GEOGRAPHIC AREA CODE
Geographic area code n-us---
050 00 - LIBRARY OF CONGRESS CALL NUMBER
Classification number E184.A1
Item number M127 1995
082 00 - DEWEY DECIMAL CLASSIFICATION NUMBER
Classification number 323.1/73
Edition number 21
100 1# - MAIN ENTRY--PERSONAL NAME
Personal name McClain, Paula Denice.
9 (RLIN) 36123
245 10 - TITLE STATEMENT
Title "Can we all get along?" :
Remainder of title racial and ethnic minorities in American politics /
Statement of responsibility, etc. Paula D. McClain, Joseph Stewart, Jr.
260 ## - PUBLICATION, DISTRIBUTION, ETC.
Place of publication, distribution, etc. Boulder, Colo :
Name of publisher, distributor, etc. Westview Press,
Date of publication, distribution, etc. 1995.
300 ## - PHYSICAL DESCRIPTION
Extent 208 p. :
Other physical details ill., maps ;
Dimensions 24 cm.
440 #0 - SERIES STATEMENT/ADDED ENTRY--TITLE
Title Dilemmas in American politics
9 (RLIN) 36124
504 ## - BIBLIOGRAPHY, ETC. NOTE
Bibliography, etc. note Includes bibliographical references (p. 191-199) and index.
650 #0 - SUBJECT ADDED ENTRY--TOPICAL TERM
Topical term or geographic name entry element Minorities
General subdivision Political activity
Geographic subdivision United States.
9 (RLIN) 36125
700 1# - ADDED ENTRY--PERSONAL NAME
Personal name Stewart, Joseph,
Dates associated with a name 1951-
9 (RLIN) 36126
856 42 - ELECTRONIC LOCATION AND ACCESS
Materials specified Contributor biographical information
Uniform Resource Identifier <a href="http://www.loc.gov/catdir/enhancements/fy0831/95012634-b.html">http://www.loc.gov/catdir/enhancements/fy0831/95012634-b.html</a>
906 ## - LOCAL DATA ELEMENT F, LDF (RLIN)
a 7
b cbc
c orignew
d 1
e ocip
f 19
g y-gencatlg
942 ## - ADDED ENTRY ELEMENTS (KOHA)
Source of classification or shelving scheme Dewey Decimal Classification
Koha item type Books like text book referance book
Suppress in OPAC No
Holdings
Withdrawn status Lost status Source of classification or shelving scheme Damaged status Not for loan Collection code Home library Current library Shelving location Date acquired Total Checkouts Full call number Barcode Date last seen Copy number Price effective from Koha item type
    Dewey Decimal Classification     Reference Wondo Genet Library Wondo Genet Library General Stacks 04/16/2022   323.1/73 MCC 1995 WGCFNRL00019371 04/16/2022 1 04/16/2022 Books like text book referance book